| 000 | 00899cam a2200289 4500 | ||
|---|---|---|---|
| 999 |
_c20 _d20 |
||
| 001 | 309441 | ||
| 003 | GBCCL | ||
| 005 | 20241126110328.0 | ||
| 008 | 741009s1974 ilu 000 0 eng | ||
| 010 | _a 73093968 | ||
| 020 |
_a0842308954 _a0842308962 (pbk.) |
||
| 040 |
_aDLC _cDLC _dDLC |
||
| 043 | _an-us--- | ||
| 050 | 0 | 0 |
_aHQ1420 _b.P48 |
| 082 | 0 | 0 |
_a261.8358 _bFOR |
| 100 | 1 |
_aPetersen, Evelyn R., _ecomp. _99169 |
|
| 245 | 1 | 0 |
_aFor women only; _bthe fine art of being a woman. _cEdited by Evelyn R. Petersen and J. Allan Petersen. |
| 260 |
_aWheaton, Ill., _bTyndale _c[1974] |
||
| 300 |
_a296 p. _c22 cm. |
||
| 350 | _a$3.95 | ||
| 650 | 0 |
_aWomen _zUnited States. _99170 |
|
| 650 | 0 |
_aWomen _xConduct of life. _93729 |
|
| 650 | 0 |
_aFamilies _zUnited States. _91359 |
|
| 700 | 1 |
_aPetersen, J. Allan, _ejoint comp. _9293 |
|
| 906 |
_a7 _bcbc _corignew _d2 _eopcn _f19 _gy-gencatlg |
||
| 942 |
_2ddc _cBK _02 |
||